000 01100cam a2200217 4500
001 WB3820-03
008 020529n2002 000 0 eng u
035 _a(Sirsi) u118206
245 _aICE to launch first standard term service contract
260 _c2002
490 _aNew Civil Engineer
_v 23 May 2002, 15(1)
520 _aThe Institution of Civil Engineers (ICE) is to launch the first contract specifically for work carried out under framework agreements. The consultative edition of the "NEC term service contract (TSC)" will be launched 30 May 2002. The first edition proper is due for publication in January 2003, including changes to be made in the third edition of the "NEC engineering construction contract", scheduled for late autumn. The consultative document can be downloaded for free at www.newengineeringcontract.com
590 _aWB
650 _aICE
650 _aFRAMEWORK AGREEMENTS
650 _aENGINEERING CONTRACTS
650 _aTERM SERVICE CONTRACTS
650 _aNEW ENGINEERING CONTRACT
690 _aBUILT ENVIRONMENT-BUILDING CONTRACT FORMS
942 _n0
999 _c70388
_d70388